[Event "Mossoroense-ch"]
[Site "Mossoro"]
[Date "2015.11.29"]
[Round "6.4"]
[White "De Oliveira, Antonio Soares"]
[Black "Lira, Carlan Amorim"]
[Result "1-0"]
[WhiteElo "1770"]
[BlackElo "1731"]
[PlyCount "49"]
[EventDate "2015.11.25"]
[EventType "tourn"]
[EventRounds "7"]
[EventCountry "BRA"]
[SourceTitle "EXT 2022"]
[Source "ChessBase"]
[SourceDate "2021.10.06"]
[SourceVersion "1"]
[SourceVersionDate "2021.10.06"]
[SourceQuality "1"]

1. d4 Nf6 2. c4 g6 3. Nc3 d5 4. cxd5 Nxd5 5. e4 Nxc3 6. bxc3 a6 7. Bc4 Bg7 8. Be3 0-0 9. h3 b5 10. Bb3 c5 11. Ne2 cxd4 12. cxd4 e5 13. d5 Bb7 14. 0-0 Re8 15. Rc1 Nd7 16. f4 Re7 17. f5 f6 18. d6+ Kh8 19. dxe7 Qxe7 20. Rc7 Bc8 21. Be6 Qa3 22. Bc1 Qa5 23. Qc2 Nb6 24. Bxc8 Nc4 25. Rc6 1-0

[Event "Mossoroense-ch"]
[Site "Mossoro"]
[Date "2015.11.25"]
[Round "1.3"]
[White "De Oliveira, Antonio Soares"]
[Black "Carneiro, Jose Gildivan"]
[Result "1-0"]
[WhiteElo "1770"]
[BlackElo "1623"]
[PlyCount "73"]
[EventDate "2015.11.25"]
[EventType "tourn"]
[EventRounds "7"]
[EventCountry "BRA"]
[SourceTitle "EXT 2022"]
[Source "ChessBase"]
[SourceDate "2021.10.06"]
[SourceVersion "1"]
[SourceVersionDate "2021.10.06"]
[SourceQuality "1"]

1. d4 Nf6 2. c4 d6 3. Nc3 g6 4. e4 Bg7 5. h3 0-0 6. Nf3 e5 7. d5 a5 8. Bd3 Na6 9. a3 Bd7 10. 0-0 Nc5 11. Bc2 c6 12. Bg5 Qb6 13. Rb1 Rfc8 14. Be3 cxd5 15. cxd5 Qd8 16. Bg5 Rc7 17. Be3 Rac8 18. Rc1 b5 19. b4 axb4 20. axb4 Na6 21. Bb6 Nxb4 22. Bb1 Qf8 23. Bxc7 Rxc7 24. Qb3 Rc4 25. Na2 Rxc1 26. Rxc1 Na6 27. Nc3 Nc5 28. Qb4 Qb8 29. Nxe5 Na6 30. Nxd7 Qb7 31. Nxf6+ Bxf6 32. Qxb5 Qc8 33. Ne2 Nc5 34. Qc6 Qd8 35. Nc3 Qe7 36. Nb5 Nxe4 37. Re1 1-0

[Event "Joao Pessoa op 6th"]
[Site "Joao Pessoa"]
[Date "2015.03.14"]
[Round "4"]
[White "De Oliveira, Antonio Soares"]
[Black "Cunha, Jose Manoel Vercosa"]
[Result "1-0"]
[WhiteElo "1812"]
[BlackElo "1608"]
[PlyCount "65"]
[EventDate "2015.03.13"]
[EventType "swiss"]
[EventRounds "6"]
[EventCountry "BRA"]
[SourceTitle "CBM 165 Extra"]
[Source "ChessBase"]
[SourceDate "2015.04.21"]
[SourceVersion "1"]
[SourceVersionDate "2015.04.21"]
[SourceQuality "1"]

1. d4 g6 2. c4 Bg7 3. Nc3 Nf6 4. e4 d6 5. h3 0-0 6. Nf3 Nc6 7. a3 a6 8. Bd3 Re8 9. 0-0 e5 10. d5 Na7 11. Bg5 Bd7 12. Qd2 Qc8 13. Qe3 b5 14. cxb5 Bxb5 15. Nxb5 axb5 16. Rfc1 Qb7 17. Rc2 Rec8 18. Rac1 c5 19. dxc6 Rxc6 20. Rxc6 Nxc6 21. Qe2 Na7 22. Nd2 Nd7 23. Be3 d5 24. exd5 Rc8 25. Rxc8+ Nxc8 26. Bxb5 Qxd5 27. Bc4 Qa5 28. Qf3 Nd6 29. Ba2 Nf5 30. Qd5 Qxd5 31. Bxd5 Nxe3 32. fxe3 Nb6 33. Bf3 1-0

[Event "Joao Pessoa op 6th"]
[Site "Joao Pessoa"]
[Date "2015.03.13"]
[Round "1"]
[White "Soares, Alberto M Colares"]
[Black "De Oliveira, Antonio Soares"]
[Result "1-0"]
[WhiteElo "2158"]
[BlackElo "1812"]
[PlyCount "71"]
[EventDate "2015.03.13"]
[EventType "swiss"]
[EventRounds "6"]
[EventCountry "BRA"]
[SourceTitle "CBM 165 Extra"]
[Source "ChessBase"]
[SourceDate "2015.04.21"]
[SourceVersion "1"]
[SourceVersionDate "2015.04.21"]
[SourceQuality "1"]

1. c4 c5 2. g3 g6 3. Bg2 Bg7 4. Nc3 Nc6 5. d3 d6 6. e4 Nf6 7. Nge2 Bg4 8. h3 Bd7 9. Be3 e5 10. 0-0 Nd4 11. f3 Nh5 12. Kh2 f5 13. Qd2 0-0 14. Bg5 Bf6 15. Bxf6 Nxf6 16. f4 Qc8 17. fxe5 dxe5 18. exf5 Nxf5 19. Nd5 Nxd5 20. Bxd5+ Be6 21. Nc3 Qd7 22. Rac1 Bxd5 23. Nxd5 Qd6 24. Qg2 h5 25. Qe4 Rae8 26. Kg2 Qd8 27. h4 Kg7 28. b3 Nd6 29. Qe2 Rxf1 30. Rxf1 e4 31. Qb2+ Kh6 32. dxe4 Nxe4 33. Rf7 Rg8 34. Qe5 Nd6 35. Rc7 Nf5 36. Qf4+ 1-0

[Event "Paraiban-ch op"]
[Site "Joao Pessoa"]
[Date "2012.08.04"]
[Round "4"]
[White "Goncalves, Dacio Lima"]
[Black "De Oliveira, Antonio Soares"]
[Result "0-1"]
[WhiteElo "1887"]
[BlackElo "1816"]
[PlyCount "80"]
[EventDate "2012.08.03"]
[EventType "swiss"]
[EventRounds "6"]
[EventCountry "BRA"]
[SourceTitle "EXT 2014"]
[Source "ChessBase"]
[SourceDate "2013.11.20"]
[SourceVersion "1"]
[SourceVersionDate "2013.11.20"]
[SourceQuality "1"]

1. e4 c5 2. Nf3 Nc6 3. d4 cxd4 4. Nxd4 a6 5. Be2 g6 6. 0-0 Bg7 7. c3 Nf6 8. f3 0-0 9. Be3 d6 10. Na3 Bd7 11. Qd2 Rc8 12. Rad1 b5 13. Nxc6 Bxc6 14. Nc2 Nd7 15. Nb4 Bb7 16. Qc2 Nb6 17. Qb1 Nc4 18. Bf2 Bh6 19. Bxc4 Rxc4 20. Nd5 Bxd5 21. Rxd5 Bg7 22. Qd3 Qc7 23. Qd2 Rc8 24. a3 Qb7 25. Rd3 R4c6 26. Be3 Qd7 27. f4 Rc4 28. e5 R4c6 29. exd6 Rxd6 30. Rxd6 Qxd6 31. Qxd6 exd6 32. Kf2 f5 33. Rd1 Rd8 34. Ke2 Kf7 35. Kd3 Re8 36. b4 Bxc3 37. Rc1 Bb2 38. Rc6 Bxa3 39. Rxa6 Bxb4 40. Rb6 Rxe3+ 0-1